| Tag |
First Indicator |
Second Indicator |
Subfields |
| LEADER |
00000nam a22000001i 4500 |
| 001 |
in00004757521 |
| 006 |
m|||||o||d|||||||| |
| 007 |
cr ||||||||||| |
| 008 |
190111s2016 enka fob 001 0|eng|d |
| 005 |
20231120174115.4 |
| 020 |
|
|
|a 9781473921498 (ebook) :
|c No price
|
| 035 |
|
|
|a (OCoLC)1083104384
|
| 035 |
|
|
|a (CaToSAGE)SAGE000005833
|
| 040 |
|
|
|a CaToSAGE
|b eng
|c CaToSAGE
|e rda
|e pn
|d UtOrBLW
|
| 050 |
|
4 |
|a G70.212
|b .X53 2016
|
| 082 |
0 |
4 |
|a 910.285
|
| 100 |
1 |
|
|a Xiao, Ningchuan,
|e author.
|
| 245 |
1 |
0 |
|a GIS algorithms :
|b theory and applications for geographic information science & technology /
|c Ningchuan Xiao.
|
| 264 |
|
1 |
|a London :
|b SAGE Publications Ltd,
|c 2016.
|
| 300 |
|
|
|a 1 online resource (324 pages) :
|b illustrations
|
| 336 |
|
|
|a text
|b txt
|2 rdacontent
|
| 337 |
|
|
|a computer
|b c
|2 rdamedia
|
| 338 |
|
|
|a online resource
|b cr
|2 rdacarrier
|
| 504 |
|
|
|a Includes bibliographical references and index.
|
| 520 |
8 |
|
|a Geographic information systems (GIS) have become increasingly important in helping us understand complex social, economic, and natural dynamics where spatial components play a key role. The critical algorithms used in GIS, however, are notoriously difficult to both teach and understand, in part due to the lack of a coherent representation. GIS Algorithms attempts to address this problem by combining rigorous formal language with example case studies and student exercises. Using Python code throughout, Xiao breaks the subject down into three fundamental areas: - Geometric Algorithms - Spatial Indexing - Spatial Analysis and Modelling With its comprehensive coverage of the many algorithms involved, GIS Algorithms is a key new textbook in this complex and critical area of geography.
|
| 588 |
|
|
|a Description based on XML content.
|
| 650 |
|
0 |
|a Geographic information systems.
|
| 650 |
|
0 |
|a Algorithms.
|
| 655 |
|
7 |
|a Electronic books.
|2 local
|
| 710 |
2 |
|
|a Sage Publications.
|
| 776 |
0 |
8 |
|i Print version :
|z 9781446274330
|
| 856 |
4 |
0 |
|u http://proxy.library.tamu.edu/login?url=https://sk.sagepub.com/Books/gis-algorithms
|z Connect to the full text of this electronic book
|t 0
|
| 955 |
|
|
|a SAGE Knowledge
|
| 999 |
f |
f |
|s 13691103-1b1e-4ede-a59b-64bcfa58ff54
|i c2abab25-33b8-46e5-943a-f3c90a7694dc
|t 0
|
| 952 |
f |
f |
|a Texas A&M University
|b College Station
|c Electronic Resources
|d Available Online
|t 0
|e G70.212 .X53 2016
|h Library of Congress classification
|
| 998 |
f |
f |
|a G70.212 .X53 2016
|t 0
|l Available Online
|